| 000 | 00349nam a2200145Ia 4500 | ||
|---|---|---|---|
| 008 | 150201s2011 xx 000 0 und d | ||
| 082 |
_a603 _bO11S |
||
| 100 | _aSEELY , JOHN | ||
| 245 | _aOXFORD AA-Z OF GRAMMAR & PUNCTUATION | ||
| 250 | _a10TH | ||
| 260 |
_bOXFORD _aDELHI _c2011 |
||
| 300 | _a1-148 | ||
| 650 | _aDICTIONARIES | ||
| 942 |
_2ddc _cBK _01 |
||
| 999 |
_c1320 _d1320 |
||